000 01082nam a2200265Ia 4500
003 OSt
005 20210503134648.0
008 210310s1965 ck gr 000 0 spa d
040 _aCO-JMCR
_cCO-JMCR
041 1 _aspa
_heng
082 0 4 _a330.9172 /
_bB344a
_223
100 1 _aBauer, P.T.,
_eautor
_926107
245 1 0 _aAnálisis y política económica de los países subdesarrollados /
_cP.T. Bauer ; traducción de Joaquín Muns
250 _aSegunda edición
260 _aMadrid, España :
_bTecnos,
_c1965.
300 _a165 páginas ;
_c23 cm.
490 0 _aColección Ciencias Sociales ;
_v10.
500 _aNotas a pie de página.
504 _aBibliografía : páginas 149.
505 0 _aEl estudio económico de los países subdesarrollados. -- Algunos rasgos sobresalientes del paisaje económico. Algunos problemas de la política económica de los países subdesarrollados.
650 1 4 _aAnálisis económco
_xPaíses subdesarrollados
_937372
650 2 4 _aEstudios económicos
_937373
700 1 _aMuns, Joaquín,
_etraductor
_937374
942 _2ddc
_cBK
999 _c11658
_d11658